000 00342nam a2200145Ia 4500
008 230718s9999 xx 000 0 und d
041 _aEng.
082 _a34255
_bKHA-C
100 _aKhan, Hamid
245 0 _aConstitutional Political
260 _aPakistan
_bOxford university law
_c2001
300 _a522
650 _aLaw
999 _c28526
_d28526